000 00504nam a2200193Ia 4500
005 20250508163932.0
008 008 250505s9999 xx 000 0 eng d
020 _a81-87496-23-1
037 _aTextual
040 _aFEDL
_beng
_cFEDL
041 _aeng
_2eng
084 _a297, NOO
_qFEDL
100 _aNoorani A. G.
245 0 _aIslam and Jihad
260 _aNew Delhi, India
_bLeft Word Books
_c2002
300 _axii,120p
942 _cTEXL
_h297, NOO
999 _c1386161
_d1386161